[Event "DVM U12 2022"]
[Site "München GER"]
[Date "2022.12.28"]
[Round "3"]
[White "Ramming, Moritz"]
[Black "Rodriguez Klasen, Ennio"]
[Result "1/2-1/2"]
[Termination "normal"]
[Board "4.1"]
[WhiteElo "1634"]
[BlackElo "1365"]
[WhiteClock "01:13:08"]
[BlackClock "00:01:32"]
[WhiteTeam "SK Kelheim 1920"]
[BlackTeam "SV Empor Berlin"]
[PlyCount "138"]
[WhiteFideId "34618198"]
[BlackFideId "16277414"]
[EventCountry "GER"]
[EventRounds "7"]
[EventType "team-swiss"]
[EventDate "2022.12.26"]

1. b3 {[%clk 01:30:54]} {[%emt 00:00:05]} e5 {[%clk 01:30:50]} {[%emt
00:00:10]} 2. Bb2 {[%clk 01:31:16]} {[%emt 00:00:09]} Nc6 {[%clk 01:30:56]}
{[%emt 00:00:24]} 3. e3 {[%clk 01:31:34]} {[%emt 00:00:12]} d6 {[%clk
01:30:52]} {[%emt 00:00:34]} 4. Bb5 {[%clk 01:31:45]} {[%emt 00:00:19]} Bd7
{[%clk 01:30:48]} {[%emt 00:00:34]} 5. Nf3 {[%clk 01:31:20]} {[%emt 00:00:54]}
Nf6 {[%clk 01:30:29]} {[%emt 00:00:51]} 6. O-O {[%clk 01:30:18]} {[%emt
00:01:32]} Be7 {[%clk 01:29:30]} {[%emt 00:01:29]} 7. d4 {[%clk 01:29:16]}
{[%emt 00:01:31]} exd4 {[%clk 01:25:02]} {[%emt 00:04:58]} 8. Bxc6 {[%clk
01:26:01]} {[%emt 00:03:45]} Bxc6 {[%clk 01:23:53]} {[%emt 00:01:38]} 9. Nxd4
{[%clk 01:26:09]} {[%emt 00:00:22]} O-O {[%clk 01:23:53]} {[%emt 00:00:30]} 10.
Nxc6 {[%clk 01:25:58]} {[%emt 00:00:42]} bxc6 {[%clk 01:24:18]} {[%emt
00:00:05]} 11. Qf3 {[%clk 01:26:12]} {[%emt 00:00:15]} Qd7 {[%clk 01:23:58]}
{[%emt 00:00:51]} 12. Nd2 {[%clk 01:25:53]} {[%emt 00:00:49]} d5 {[%clk
01:20:34]} {[%emt 00:03:54]} 13. Rad1 {[%clk 01:25:11]} {[%emt 00:01:12]} Qg4
{[%clk 01:18:09]} {[%emt 00:02:56]} 14. a4 {[%clk 01:24:09]} {[%emt 00:01:32]}
Qxf3 {[%clk 01:17:55]} {[%emt 00:00:44]} 15. Nxf3 {[%clk 01:24:24]} {[%emt
00:00:14]} Rfd8 {[%clk 01:09:43]} {[%emt 00:08:42]} 16. Ne5 {[%clk 01:24:07]}
{[%emt 00:00:47]} Rd6 {[%clk 01:03:01]} {[%emt 00:07:12]} 17. Ba3 {[%clk
01:21:02]} {[%emt 00:03:35]} Re6 {[%clk 01:03:12]} {[%emt 00:00:19]} 18. Bxe7
{[%clk 01:21:02]} {[%emt 00:00:30]} Rxe5 {[%clk 01:03:31]} {[%emt 00:00:12]}
19. Bxf6 {[%clk 01:20:46]} {[%emt 00:00:46]} gxf6 {[%clk 01:03:53]} {[%emt
00:00:08]} 20. Rd4 {[%clk 01:20:53]} {[%emt 00:00:22]} c5 {[%clk 00:57:04]}
{[%emt 00:07:19]} 21. Rf4 {[%clk 01:20:29]} {[%emt 00:00:54]} Kg7 {[%clk
00:55:32]} {[%emt 00:02:03]} 22. Rd1 {[%clk 01:18:42]} {[%emt 00:02:17]} Rae8
{[%clk 00:55:06]} {[%emt 00:00:55]} 23. Kf1 {[%clk 01:17:22]} {[%emt 00:01:50]}
a5 {[%clk 00:52:21]} {[%emt 00:03:15]} 24. Rg4 {[%clk 01:17:03]} {[%emt
00:00:50]} Kh6 {[%clk 00:51:50]} {[%emt 00:01:01]} 25. Rh4 {[%clk 01:15:02]}
{[%emt 00:02:31]} Kg7 {[%clk 00:49:57]} {[%emt 00:02:22]} 26. c4 {[%clk
01:09:27]} {[%emt 00:06:05]} c6 {[%clk 00:49:43]} {[%emt 00:00:44]} 27. Rg4
{[%clk 01:08:43]} {[%emt 00:01:14]} Kf8 {[%clk 00:41:41]} {[%emt 00:08:33]} 28.
g3 {[%clk 01:07:15]} {[%emt 00:01:57]} Rb8 {[%clk 00:41:03]} {[%emt 00:05:13]}
29. Rd3 {[%clk 01:06:16]} Rb4 {[%clk 00:38:25]} {[%emt 00:00:31]} 30. Rf4
{[%clk 01:05:45]} {[%emt 00:01:02]} Ke7 {[%clk 00:32:52]} {[%emt 00:06:02]} 31.
cxd5 {[%clk 01:05:03]} {[%emt 00:01:13]} Rxd5 {[%clk 00:22:12]} {[%emt
00:11:10]} 32. Rxb4 {[%clk 01:03:59]} {[%emt 00:01:34]} Rxd3 {[%clk 00:11:09]}
{[%emt 00:11:33]} 33. Rb7 {[%clk 01:03:32]} {[%emt 00:00:56]} Kd6 {[%clk
00:07:50]} {[%emt 00:03:50]} 34. Ke2 {[%clk 01:02:46]} {[%emt 00:01:15]} c4
{[%clk 00:07:20]} {[%emt 00:01:02]} 35. bxc4 {[%clk 01:01:00]} {[%emt
00:02:15]} Ra3 {[%clk 00:07:43]} {[%emt 00:00:06]} 36. Rxf7 {[%clk 01:01:15]}
{[%emt 00:00:16]} Rxa4 {[%clk 00:08:08]} {[%emt 00:00:05]} 37. Rxf6 {[%clk
01:01:32]} {[%emt 00:00:12]} Kc5 {[%clk 00:08:19]} {[%emt 00:00:19]} 38. Rf5
{[%clk 01:00:47]} {[%emt 00:01:16]} Kb4 {[%clk 00:07:02]} {[%emt 00:01:48]} 39.
Rf4 {[%clk 01:00:15]} {[%emt 00:01:01]} Ra2 {[%clk 00:06:54]} {[%emt 00:00:38]}
40. Kd3 {[%clk 01:00:06]} {[%emt 00:00:39]} a4 {[%clk 00:04:48]} {[%emt
00:02:35]} 41. Rf7 {[%clk 00:59:39]} {[%emt 00:00:58]} a3 {[%clk 00:04:34]}
{[%emt 00:00:45]} 42. Rb7 {[%clk 00:57:23]} {[%emt 00:02:45]} Kc5 {[%clk
00:03:34]} {[%emt 00:01:30]} 43. Rb3 {[%clk 00:55:41]} {[%emt 00:02:12]} Ra1
{[%clk 00:28:19]} {[%emt 00:05:44]} 44. Kc2 {[%clk 01:24:37]} {[%emt 00:01:32]}
Kxc4 {[%clk 00:26:42]} {[%emt 00:02:11]} 45. Rc3 {[%clk 01:23:50]} {[%emt
00:01:14]} Kd5 {[%clk 00:12:29]} {[%emt 00:14:44]} 46. f4 {[%clk 01:22:35]}
{[%emt 00:01:45]} c5 {[%clk 00:10:46]} {[%emt 00:02:14]} 47. g4 {[%clk
01:22:06]} {[%emt 00:00:59]} c4 {[%clk 00:10:03]} {[%emt 00:01:14]} 48. f5
{[%clk 01:21:26]} {[%emt 00:01:10]} Ra2 {[%clk 00:06:41]} {[%emt 00:03:52]} 49.
Kc1 {[%clk 01:20:33]} {[%emt 00:01:23]} Ra1 {[%clk 00:06:19]} {[%emt 00:00:52]}
50. Kc2 {[%clk 01:20:09]} {[%emt 00:00:54]} Ra2 {[%clk 00:06:42]} {[%emt
00:00:07]} 51. Kc1 {[%clk 01:19:48]} {[%emt 00:00:50]} Kc5 {[%clk 00:05:15]}
{[%emt 00:01:58]} 52. f6 {[%clk 01:19:31]} {[%emt 00:00:47]} Kb4 {[%clk
00:05:27]} {[%emt 00:00:18]} 53. Rc2 {[%clk 01:19:19]} {[%emt 00:00:42]} Ra1
{[%clk 00:05:16]} {[%emt 00:00:41]} 54. Kd2 {[%clk 01:19:03]} {[%emt 00:00:45]}
a2 {[%clk 00:04:33]} {[%emt 00:01:13]} 55. f7 {[%clk 01:18:47]} {[%emt
00:00:46]} c3 {[%clk 00:02:21]} {[%emt 00:02:43]} 56. Ke2 {[%clk 01:18:12]}
{[%emt 00:01:05]} Re1 {[%clk 00:02:33]} {[%emt 00:00:17]} 57. Kd3 {[%clk
01:18:03]} {[%emt 00:00:40]} Rd1 {[%clk 00:01:15]} {[%emt 00:01:48]} 58. Ke2
{[%clk 01:17:38]} {[%emt 00:00:54]} Rf1 {[%clk 00:01:31]} {[%emt 00:00:14]} 59.
Rxa2 {[%clk 01:15:25]} {[%emt 00:02:44]} Rxf7 {[%clk 00:01:51]} {[%emt
00:00:10]} 60. Ra8 {[%clk 01:15:19]} {[%emt 00:00:35]} Rc7 {[%clk 00:01:47]}
{[%emt 00:00:35]} 61. Rb8 {[%clk 01:15:25]} {[%emt 00:00:23]} Kc4 {[%clk
00:01:48]} {[%emt 00:00:30]} 62. h4 {[%clk 01:14:40]} {[%emt 00:01:15]} c2
{[%clk 00:01:38]} {[%emt 00:00:39]} 63. Kd2 {[%clk 01:14:47]} {[%emt 00:00:25]}
Kd5 {[%clk 00:01:44]} {[%emt 00:00:24]} 64. Kc1 {[%clk 01:14:32]} {[%emt
00:00:44]} Ke4 {[%clk 00:01:59]} {[%emt 00:00:15]} 65. Re8 {[%clk 01:13:42]}
{[%emt 00:01:19]} Kd3 {[%clk 00:01:00]} {[%emt 00:01:30]} 66. g5 {[%clk
01:13:11]} {[%emt 00:01:01]} Rf7 {[%clk 00:00:46]} {[%emt 00:00:44]} 67. Rd8
{[%clk 01:12:44]} {[%emt 00:00:56]} Kc3 {[%clk 00:01:01]} {[%emt 00:00:15]} 68.
Rc8 {[%clk 01:12:59]} {[%emt 00:00:15]} Kb3 {[%clk 00:01:22]} {[%emt 00:00:10]}
69. Rb8 {[%clk 01:13:08]} {[%emt 00:00:21]} Kc3 {[%clk 00:01:32]} {[%emt
00:00:20]} 1/2-1/2

[Event "DVM U12 2022"]
[Site "München GER"]
[Date "2022.12.28"]
[Round "3"]
[White "Neumeier, Konstantin"]
[Black "Freude, Paul"]
[Result "0-1"]
[Termination "normal"]
[Board "4.3"]
[WhiteElo "1443"]
[BlackElo "1491"]
[WhiteClock "00:08:15"]
[BlackClock "00:34:10"]
[WhiteTeam "SK Kelheim 1920"]
[BlackTeam "SV Empor Berlin"]
[PlyCount "96"]
[WhiteFideId "34608230"]
[BlackFideId "16280717"]
[EventCountry "GER"]
[EventRounds "7"]
[EventType "team-swiss"]
[EventDate "2022.12.26"]

1. e4 {[%clk 01:30:58]} {[%emt 00:00:02]} c5 {[%clk 01:30:54]} {[%emt
00:00:07]} 2. c3 {[%clk 01:31:17]} {[%emt 00:00:11]} Nf6 {[%clk 01:31:14]}
{[%emt 00:00:10]} 3. e5 {[%clk 01:31:41]} {[%emt 00:00:06]} Nd5 {[%clk
01:31:40]} {[%emt 00:00:03]} 4. d4 {[%clk 01:32:07]} {[%emt 00:00:05]} cxd4
{[%clk 01:32:05]} {[%emt 00:00:04]} 5. cxd4 {[%clk 01:32:34]} {[%emt 00:00:04]}
e6 {[%clk 01:32:24]} {[%emt 00:00:10]} 6. Nf3 {[%clk 01:32:33]} {[%emt
00:00:31]} b6 {[%clk 01:32:37]} {[%emt 00:00:17]} 7. Bc4 {[%clk 01:30:28]}
{[%emt 00:02:35]} Bb7 {[%clk 01:32:51]} {[%emt 00:00:16]} 8. O-O {[%clk
01:29:58]} {[%emt 00:01:01]} Qc7 {[%clk 01:32:27]} {[%emt 00:00:54]} 9. Bb3
{[%clk 01:29:12]} {[%emt 00:01:15]} d6 {[%clk 01:31:48]} {[%emt 00:01:10]} 10.
Na3 {[%clk 01:24:11]} {[%emt 00:05:30]} a6 {[%clk 01:26:57]} {[%emt 00:05:21]}
11. Nc4 {[%clk 01:22:31]} {[%emt 00:02:11]} Nd7 {[%clk 01:26:33]} {[%emt
00:00:54]} 12. exd6 {[%clk 01:21:57]} {[%emt 00:01:04]} Bxd6 {[%clk 01:26:49]}
{[%emt 00:00:12]} 13. Nxd6 {[%clk 01:22:19]} {[%emt 00:00:08]} Qxd6 {[%clk
01:27:14]} {[%emt 00:00:05]} 14. Re1 {[%clk 01:14:47]} {[%emt 00:08:03]} O-O
{[%clk 01:26:58]} {[%emt 00:00:47]} 15. Ne5 {[%clk 01:14:16]} {[%emt 00:01:01]}
b5 {[%clk 01:22:39]} {[%emt 00:04:48]} 16. Bxd5 {[%clk 01:13:29]} {[%emt
00:01:17]} Qxd5 {[%clk 01:21:29]} {[%emt 00:01:41]} 17. Nf3 {[%clk 01:12:50]}
{[%emt 00:01:09]} Rfd8 {[%clk 01:20:12]} {[%emt 00:01:46]} 18. Bf4 {[%clk
01:10:40]} {[%emt 00:02:38]} Rac8 {[%clk 01:14:28]} {[%emt 00:06:15]} 19. h3
{[%clk 01:00:57]} {[%emt 00:10:15]} Nb6 {[%clk 01:11:55]} {[%emt 00:03:04]} 20.
Re5 {[%clk 00:59:03]} {[%emt 00:02:24]} Qd7 {[%clk 01:12:10]} {[%emt 00:00:14]}
21. Qe2 {[%clk 00:56:52]} {[%emt 00:02:41]} Bxf3 {[%clk 01:11:45]} {[%emt
00:00:55]} 22. Qxf3 {[%clk 00:55:36]} {[%emt 00:01:46]} Qxd4 {[%clk 01:11:15]}
{[%emt 00:01:00]} 23. Rg5 {[%clk 00:51:33]} {[%emt 00:04:32]} Rd5 {[%clk
01:09:17]} {[%emt 00:02:29]} 24. Rxd5 {[%clk 00:46:18]} {[%emt 00:05:45]} Nxd5
{[%clk 01:08:46]} {[%emt 00:01:01]} 25. Bg3 {[%clk 00:42:19]} {[%emt 00:04:29]}
Qxb2 {[%clk 01:07:24]} {[%emt 00:01:51]} 26. Rf1 {[%clk 00:41:33]} {[%emt
00:01:11]} Qxa2 {[%clk 01:06:52]} {[%emt 00:01:08]} 27. Qg4 {[%clk 00:41:14]}
{[%emt 00:00:47]} Qc4 {[%clk 01:04:51]} {[%emt 00:05:26]} 28. Qf3 h6 {[%clk
01:03:57]} {[%emt 00:00:11]} 29. Be5 {[%clk 00:38:16]} {[%emt 00:02:15]} f6
{[%clk 01:00:17]} {[%emt 00:04:14]} 30. Bb2 {[%clk 00:37:17]} {[%emt 00:01:25]}
Qf4 {[%clk 00:49:16]} {[%emt 00:11:34]} 31. Qe2 {[%clk 00:36:18]} {[%emt
00:01:30]} Rc6 {[%clk 00:47:55]} {[%emt 00:01:51]} 32. Rd1 {[%clk 00:34:36]}
{[%emt 00:02:11]} Qc7 {[%clk 00:46:18]} {[%emt 00:02:06]} 33. Qg4 {[%clk
00:29:55]} {[%emt 00:05:06]} a5 {[%clk 00:45:12]} {[%emt 00:01:43]} 34. Re1
{[%clk 00:30:07]} {[%emt 00:00:18]} Qc8 {[%clk 00:40:07]} {[%emt 00:05:35]} 35.
f4 {[%clk 00:28:01]} {[%emt 00:02:36]} a4 {[%clk 00:36:25]} {[%emt 00:04:11]}
36. f5 {[%clk 00:27:03]} {[%emt 00:01:29]} e5 {[%clk 00:36:11]} {[%emt
00:00:44]} 37. Qe4 {[%clk 00:25:27]} {[%emt 00:02:03]} Nf4 {[%clk 00:34:26]}
{[%emt 00:02:18]} 38. h4 {[%clk 00:12:48]} {[%emt 00:13:09]} Rc4 {[%clk
00:33:22]} {[%emt 00:01:33]} 39. Qf3 {[%clk 00:11:09]} {[%emt 00:02:07]} Qc5
{[%clk 00:32:40]} {[%emt 00:01:15]} 40. Kh1 {[%clk 00:10:59]} {[%emt 00:00:39]}
Nd3 {[%clk 00:31:49]} {[%emt 00:01:21]} 41. Qxd3 {[%clk 00:06:25]} {[%emt
00:05:04]} Rxh4 {[%clk 00:32:13]} {[%emt 00:00:07]} 42. Qh3 {[%clk 00:06:49]}
{[%emt 00:00:05]} Rxh3 {[%clk 00:32:37]} {[%emt 00:00:07]} 43. gxh3 {[%clk
00:07:13]} {[%emt 00:00:06]} Qd5 {[%clk 00:32:18]} {[%emt 00:00:47]} 44. Kg1
{[%clk 00:07:24]} {[%emt 00:00:20]} Qd2 {[%clk 00:32:37]} {[%emt 00:00:12]} 45.
Rc1 {[%clk 00:07:17]} {[%emt 00:00:37]} Qxb2 {[%clk 00:32:59]} {[%emt
00:00:08]} 46. Rc8 {[%clk 00:07:41]} {[%emt 00:00:06]} Kh7 {[%clk 00:33:26]}
{[%emt 00:00:04]} 47. h4 {[%clk 00:07:52]} {[%emt 00:00:19]} a3 {[%clk
00:33:48]} {[%emt 00:00:08]} 48. h5 {[%clk 00:08:15]} {[%emt 00:00:06]} a2
{[%clk 00:34:10]} {[%emt 00:00:08]} 0-1

[Event "DVM U12 2022"]
[Site "München GER"]
[Date "2022.12.28"]
[Round "3"]
[White "Jankowski, Antoni"]
[Black "Sitnik, Arthur"]
[Result "1/2-1/2"]
[Termination "normal"]
[Board "4.4"]
[WhiteElo "1119"]
[BlackElo "1253"]
[WhiteClock "01:06:20"]
[BlackClock "00:44:34"]
[WhiteTeam "SV Empor Berlin"]
[BlackTeam "SK Kelheim 1920"]
[PlyCount "103"]
[WhiteFideId "21076642"]
[BlackFideId "34608150"]
[EventCountry "GER"]
[EventRounds "7"]
[EventType "team-swiss"]
[EventDate "2022.12.26"]

1. e4 {[%clk 01:30:59]} {[%emt 00:02:47]} e5 {[%clk 01:30:57]} {[%emt
00:00:04]} 2. Nf3 {[%clk 01:31:24]} {[%emt 00:00:05]} Nc6 {[%clk 01:31:23]}
{[%emt 00:00:04]} 3. c3 {[%clk 01:31:50]} {[%emt 00:00:03]} Nf6 {[%clk
01:31:31]} {[%emt 00:00:23]} 4. d4 {[%clk 01:32:13]} {[%emt 00:00:07]} exd4
{[%clk 01:31:48]} {[%emt 00:00:12]} 5. e5 {[%clk 01:32:34]} {[%emt 00:00:09]}
Ng4 {[%clk 01:31:06]} {[%emt 00:01:13]} 6. cxd4 {[%clk 01:32:41]} {[%emt
00:00:23]} Bb4 {[%clk 01:30:46]} {[%emt 00:00:50]} 7. Nc3 {[%clk 01:32:57]}
{[%emt 00:00:13]} d6 {[%clk 01:29:55]} {[%emt 00:01:22]} 8. h3 {[%clk
01:30:54]} {[%emt 00:02:32]} Nh6 {[%clk 01:29:18]} {[%emt 00:01:08]} 9. Bg5
{[%clk 01:29:50]} {[%emt 00:01:33]} Bxc3 {[%clk 01:29:17]} {[%emt 00:00:32]}
10. bxc3 {[%clk 01:30:05]} {[%emt 00:00:15]} Qd7 {[%clk 01:29:07]} {[%emt
00:00:40]} 11. Bb5 {[%clk 01:28:53]} {[%emt 00:01:42]} a6 {[%clk 01:27:31]}
{[%emt 00:02:07]} 12. Qa4 {[%clk 01:25:46]} {[%emt 00:03:37]} Rb8 {[%clk
01:24:33]} {[%emt 00:03:28]} 13. Bxc6 {[%clk 01:22:19]} {[%emt 00:03:56]} Qxc6
{[%clk 01:24:21]} {[%emt 00:00:43]} 14. Qxc6 {[%clk 01:22:10]} {[%emt
00:00:39]} bxc6 {[%clk 01:24:44]} {[%emt 00:00:07]} 15. O-O {[%clk 01:22:05]}
{[%emt 00:00:34]} Nf5 {[%clk 01:24:46]} {[%emt 00:00:28]} 16. g4 {[%clk
01:21:58]} {[%emt 00:00:37]} Ne7 {[%clk 01:23:48]} {[%emt 00:01:28]} 17. Bf4
{[%clk 01:21:02]} {[%emt 00:01:25]} Kd7 {[%clk 01:21:38]} {[%emt 00:02:40]} 18.
Rab1 {[%clk 01:20:04]} {[%emt 00:01:28]} Rb5 {[%clk 01:20:48]} {[%emt
00:01:22]} 19. Rb3 {[%clk 01:17:17]} {[%emt 00:03:15]} Bb7 {[%clk 01:18:01]}
{[%emt 00:03:19]} 20. c4 {[%clk 01:17:10]} {[%emt 00:00:37]} Rxb3 {[%clk
01:18:24]} {[%emt 00:00:07]} 21. axb3 {[%clk 01:17:38]} {[%emt 00:00:02]} c5
{[%clk 01:18:02]} {[%emt 00:00:52]} 22. d5 {[%clk 01:17:43]} {[%emt 00:00:23]}
Ng6 {[%clk 01:17:08]} {[%emt 00:01:25]} 23. Bg3 {[%clk 01:18:01]} {[%emt
00:00:12]} Re8 {[%clk 01:16:12]} {[%emt 00:01:27]} 24. Re1 {[%clk 01:18:02]}
{[%emt 00:00:28]} c6 {[%clk 01:14:08]} {[%emt 00:02:34]} 25. exd6 {[%clk
01:15:53]} {[%emt 00:02:39]} Rxe1 {[%clk 01:13:04]} {[%emt 00:01:35]} 26. Nxe1
{[%clk 01:16:20]} {[%emt 00:00:02]} cxd5 {[%clk 01:13:13]} {[%emt 00:00:22]}
27. Nd3 {[%clk 01:16:29]} {[%emt 00:00:21]} Bc8 {[%clk 01:11:19]} {[%emt
00:02:25]} 28. cxd5 {[%clk 01:16:08]} {[%emt 00:00:50]} h6 {[%clk 01:10:33]}
{[%emt 00:01:17]} 29. Nxc5 {[%clk 01:16:29]} {[%emt 00:00:09]} Kd8 {[%clk
01:10:56]} {[%emt 00:00:07]} 30. Na4 {[%clk 01:16:07]} {[%emt 00:00:52]} Nf8
{[%clk 01:10:27]} {[%emt 00:00:59]} 31. Nb6 {[%clk 01:16:23]} {[%emt 00:00:13]}
Nd7 {[%clk 01:09:52]} {[%emt 00:01:06]} 32. Nxc8 {[%clk 01:15:00]} {[%emt
00:01:53]} Kxc8 {[%clk 01:10:04]} {[%emt 00:00:17]} 33. Kg2 {[%clk 01:15:09]}
{[%emt 00:00:21]} Kb7 {[%clk 01:10:20]} {[%emt 00:00:15]} 34. Kf3 {[%clk
01:15:27]} {[%emt 00:00:11]} Kb6 {[%clk 01:10:21]} {[%emt 00:00:31]} 35. Ke4
{[%clk 01:15:45]} {[%emt 00:00:10]} Kc5 {[%clk 01:08:42]} {[%emt 00:02:11]} 36.
h4 {[%clk 01:15:43]} {[%emt 00:00:31]} g6 {[%clk 00:53:08]} {[%emt 00:16:05]}
37. h5 {[%clk 01:15:22]} {[%emt 00:00:50]} Nf6 {[%clk 00:50:12]} {[%emt
00:03:26]} 38. Kf3 {[%clk 01:09:16]} {[%emt 00:06:36]} Kxd5 {[%clk 00:49:22]}
{[%emt 00:05:37]} 39. hxg6 {[%clk 01:08:51]} fxg6 40. Ke2 {[%clk 01:05:56]}
{[%emt 00:00:28]} Ke6 {[%clk 00:48:55]} {[%emt 00:01:03]} 41. f3 {[%clk
01:05:39]} {[%emt 00:00:47]} Ne8 {[%clk 00:48:50]} {[%emt 00:00:35]} 42. Ke3
{[%clk 01:03:44]} {[%emt 00:02:24]} Nxd6 {[%clk 00:46:50]} {[%emt 00:02:31]}
43. Bxd6 {[%clk 01:03:52]} {[%emt 00:00:22]} Kxd6 {[%clk 00:47:15]} {[%emt
00:00:04]} 44. Kd4 {[%clk 01:04:14]} {[%emt 00:00:08]} g5 {[%clk 00:45:35]}
{[%emt 00:02:11]} 45. b4 {[%clk 01:04:29]} {[%emt 00:00:15]} Kc6 {[%clk
00:45:40]} {[%emt 00:00:25]} 46. Kc4 {[%clk 01:04:35]} {[%emt 00:00:24]} Kd6
{[%clk 00:44:46]} {[%emt 00:01:24]} 47. Kd4 {[%clk 01:04:52]} {[%emt 00:00:13]}
Kc6 {[%clk 00:44:58]} {[%emt 00:00:18]} 48. Kc4 {[%clk 01:05:12]} {[%emt
00:00:10]} Kb6 {[%clk 00:45:21]} {[%emt 00:00:07]} 49. Kc3 {[%clk 01:05:32]}
{[%emt 00:00:09]} Kb5 {[%clk 00:45:12]} {[%emt 00:00:40]} 50. Kb3 {[%clk
01:05:55]} {[%emt 00:00:07]} Kb6 {[%clk 00:45:01]} {[%emt 00:00:41]} 51. Kc3
{[%clk 01:06:12]} {[%emt 00:00:12]} Kc6 {[%clk 00:44:34]} {[%emt 00:00:58]} 52.
Kc4 {[%clk 01:06:20]} {[%emt 00:00:21]} 1/2-1/2

[Event "DVM U12 2022"]
[Site "München GER"]
[Date "2022.12.28"]
[Round "3"]
[White "Mandalka, Justus"]
[Black "Park, Manuel"]
[Result "1-0"]
[Termination "normal"]
[Board "5.1"]
[WhiteElo "1484"]
[BlackElo "1491"]
[WhiteClock "00:53:13"]
[BlackClock "01:19:24"]
[WhiteTeam "SK Bad Homburg 1927"]
[BlackTeam "SC Kirchheim/Teck"]
[PlyCount "67"]
[WhiteFideId "16298144"]
[BlackFideId "34629114"]
[EventCountry "GER"]
[EventRounds "7"]
[EventType "team-swiss"]
[EventDate "2022.12.26"]

1. e4 {[%clk 01:30:58]} {[%emt 00:00:01]} c5 {[%clk 01:30:42]} {[%emt
00:00:19]} 2. Nf3 {[%clk 01:31:19]} {[%emt 00:00:09]} e6 {[%clk 01:31:01]}
{[%emt 00:00:10]} 3. d4 {[%clk 01:30:49]} {[%emt 00:01:00]} cxd4 {[%clk
01:31:14]} {[%emt 00:00:17]} 4. Nxd4 {[%clk 01:31:05]} {[%emt 00:00:14]} Nf6
{[%clk 01:31:37]} {[%emt 00:00:07]} 5. Bd3 {[%clk 01:28:19]} {[%emt 00:03:17]}
Nc6 {[%clk 01:29:52]} {[%emt 00:02:14]} 6. Nf3 {[%clk 01:23:06]} {[%emt
00:05:43]} Bc5 {[%clk 01:29:20]} {[%emt 00:01:02]} 7. O-O {[%clk 01:21:26]}
{[%emt 00:02:09]} O-O {[%clk 01:28:38]} {[%emt 00:01:12]} 8. Bg5 {[%clk
01:21:34]} {[%emt 00:00:22]} Be7 {[%clk 01:28:50]} {[%emt 00:00:19]} 9. Nc3
{[%clk 01:17:29]} {[%emt 00:04:35]} h6 {[%clk 01:27:01]} {[%emt 00:02:19]} 10.
Bf4 {[%clk 01:15:31]} {[%emt 00:02:28]} b6 {[%clk 01:26:33]} {[%emt 00:00:57]}
11. Re1 {[%clk 01:12:55]} {[%emt 00:03:06]} Bb7 {[%clk 01:25:55]} {[%emt
00:01:08]} 12. a3 {[%clk 01:12:12]} {[%emt 00:01:13]} Rc8 {[%clk 01:25:58]}
{[%emt 00:00:26]} 13. e5 {[%clk 01:11:18]} {[%emt 00:01:26]} Ne8 {[%clk
01:26:02]} {[%emt 00:00:25]} 14. Ne4 {[%clk 01:03:00]} {[%emt 00:08:47]} d5
{[%clk 01:24:49]} {[%emt 00:01:44]} 15. exd6 {[%clk 01:02:44]} {[%emt
00:00:47]} Nxd6 {[%clk 01:25:02]} {[%emt 00:00:17]} 16. Nxd6 {[%clk 01:03:07]}
{[%emt 00:00:07]} Bxd6 {[%emt 00:02:08]} 17. Bxd6 {[%clk 01:03:32]} {[%emt
00:00:03]} Re8 {[%clk 01:22:51]} {[%emt 00:01:06]} 18. Bg3 {[%clk 01:03:14]}
{[%emt 00:00:48]} Ne7 {[%clk 01:22:51]} {[%emt 00:00:30]} 19. Qe2 {[%clk
01:02:51]} {[%emt 00:00:53]} Nd5 {[%clk 01:23:06]} {[%emt 00:00:15]} 20. Rad1
{[%clk 01:02:56]} {[%emt 00:00:25]} Qf6 {[%clk 01:23:17]} {[%emt 00:00:19]} 21.
Be5 {[%clk 01:03:09]} {[%emt 00:00:17]} Qe7 {[%clk 01:23:42]} {[%emt 00:00:05]}
22. c4 {[%clk 01:03:05]} {[%emt 00:00:34]} Nf6 {[%clk 01:23:34]} {[%emt
00:00:39]} 23. b4 {[%clk 01:03:04]} {[%emt 00:00:30]} a5 {[%clk 01:22:58]}
{[%emt 00:01:06]} 24. c5 {[%clk 01:02:52]} {[%emt 00:00:41]} Nd5 {[%clk
01:21:54]} {[%emt 00:01:32]} 25. Bd6 {[%clk 01:02:14]} {[%emt 00:01:11]} Qf6
{[%clk 01:21:08]} {[%emt 00:01:16]} 26. Qe4 {[%clk 01:01:15]} {[%emt 00:01:28]}
g6 {[%clk 01:21:09]} {[%emt 00:00:30]} 27. Qe5 {[%clk 00:57:35]} {[%emt
00:04:10]} Qxe5 {[%clk 01:19:57]} {[%emt 00:01:43]} 28. Nxe5 {[%clk 00:56:15]}
{[%emt 00:01:49]} axb4 {[%clk 01:20:23]} {[%emt 00:00:04]} 29. axb4 {[%clk
00:56:39]} {[%emt 00:00:06]} Nxb4 {[%clk 01:20:39]} {[%emt 00:00:14]} 30. cxb6
{[%clk 00:56:00]} {[%emt 00:01:08]} Nd5 {[%clk 01:20:49]} {[%emt 00:00:20]} 31.
Be4 {[%clk 00:55:08]} {[%emt 00:01:23]} Ba8 {[%clk 01:20:06]} {[%emt 00:01:13]}
32. Bxd5 {[%clk 00:55:29]} {[%emt 00:00:09]} Bxd5 {[%clk 01:20:34]} {[%emt
00:00:03]} 33. Bc7 {[%clk 00:54:07]} {[%emt 00:01:51]} Kh7 {[%clk 01:19:24]}
{[%emt 00:01:40]} 34. Nxf7 {[%clk 00:53:13]} {[%emt 00:01:24]} 1-0